000 00810nam a2200217 4500
003 CO-ViMGA
020 _a9789584843197
040 _aCO-ViMGA
_bspa
_cCO-ViMGA
090 _aA DIP1
100 1 _aDipacho
_913142
245 1 0 _aToro rojo /
_cDipacho
260 _aBogotá :
_bMilserifas
300 _a[29] páginas :
_bilustraciones en color ; 22 cm.
490 _aPlan Nacional de Lectura y Escritura Leer es mi Cuento / Ministerio de Cultura
500 _aDipacho seudónimo de Diego Francisco Sánchez \ Recomendado para un público infantil mayor de 6 años
650 1 4 _aAlbumes Infantiles Colombianos - Siglo Xx
_913143
650 1 4 _aAutores Colombianos - Siglo Xx
_911993
650 1 4 _aLiteratura Infantil Colombiana - Siglo Xx
_98020
650 1 4 _aToros - Albumes Infantiles
_913144
942 _2ddc
_cBK
999 _c8686
_d8686